Statistiques concernant Filmographie de Luchino Visconti

Cliquez ici pour prendre le quiz!

Statistiques générales

  • Ce quiz a été pris 25 fois
  • Le résultat moyen est 11 sur 14

Statistiques - réponses

HintRéponse% Correct
1963Le Guépard (Il Gattopardo)
90%
1971Mort à Venise (Morte a Venezia)
90%
1967L'Étranger (Lo Straniero)
85%
1973Ludwig ou le crépuscule des dieux (Ludwig)
85%
1959Rocco et ses frères (Rocco e i suoi fratelli)
85%
1974Violence et passion (Gruppo di famiglia in un interno)
85%
1943Les Amants diaboliques (Ossessione)
80%
1969Les Damnés (La Caduta degli Dei)
80%
1976L'Innocent (L'Innocente)
75%
1954Senso
70%
1957Les Nuits blanches (Le Notti bianche)
65%
1965Sandra (Vaghe stelle dell'Orsa…)
65%
1948La Terre tremble (La Terra trema)
60%
1951Bellissima
55%

Distribution des résultats

Percentile par nombre de réponses

% des personnes avec chaque résultat

Votre développement - résultats

Vous n’avez pas pris ce quiz